000 00309nam a22001217a 4500
008 250303b |||||||| |||| 00| 0 eng d
020 _a9780323757485
050 _aQR185.5
_bA23
100 _aABBAS Abdul K
245 _aCellular and Molecular Immunology
260 _aPhiladelphia
_bElsevier
_c2022
942 _cBK
999 _c2033
_d2033